A quale provincia? - Statistics

Statistiche generali
  • Questo quiz è stato fatto 65 volte
  • Il punteggio medio è 16 su 20
Statistiche sulle risposte
Comune Provincia / città metropolitana % Corretto
Pompei Napoli
96%
Assisi Perugia
95%
Gallipoli Lecce
93%
Assago Milano
93%
Riccione Rimini
93%
Civitavecchia Roma
93%
Sanremo Imperia
91%
Sorrento Napoli
91%
Ostia Roma
91%
Lampedusa Agrigento
85%
Cefalù Palermo
85%
Gubbio Perugia
82%
Gioia Tauro Reggio Calabria
80%
Civitanova Marche Macerata
78%
Gela Caltanissetta
73%
Viareggio Lucca
73%
Senigallia Ancona
65%
San Benedetto del Trono Ascoli Piceno
65%
Campione d'Italia Como
65%
Domodossola Verbano-Cusio-Ossola
53%
Nessun quiz corrispondente trovato
Distribuzione punteggi
Percentuale di utenti per punteggio
Percentile per numero di risposta
I tuoi punteggi nel tempo
Non hai fatto questo quiz